Intelligent renewable energy systems : (Record no. 594819)

000 -LEADER
fixed length control field 00496nam a22001457a 4500
020 ## - INTERNATIONAL STANDARD BOOK NUMBER
International Standard Book Number 9781119786306
082 ## - DEWEY DECIMAL CLASSIFICATION NUMBER
Classification number 621.042
Author Mark PRI
100 ## - MAIN ENTRY--PERSONAL NAME
Personal name Priyadarshi, Neeraj
245 ## - TITLE STATEMENT
Title Intelligent renewable energy systems :
Remainder of title integrating artificial intelligence techniques and optimization algorithms/
Statement of responsibility, etc. Neeraj Priyadarshi
260 ## - PUBLICATION, DISTRIBUTION, ETC.
Place of publication, distribution, etc. Hoboken :
Name of publisher, distributor, etc. Wiley,
Date of publication, distribution, etc. 2022.
300 ## - PHYSICAL DESCRIPTION
Extent xvi, 450 p :
563 ## - BINDING INFORMATION
Binding note HB
700 ## - ADDED ENTRY--PERSONAL NAME
Personal name Akash Kumar Bhoi, Sanjeevikumar Padmanaban
942 ## - ADDED ENTRY ELEMENTS (KOHA)
Source of classification or shelving scheme
Koha item type Book
700 ## - ADDED ENTRY--PERSONAL NAME
-- 112465
Holdings
Withdrawn status Lost status Source of classification or shelving scheme Damaged status Not for loan Permanent Location Current Location Shelving location Date acquired Total Checkouts Full call number Barcode Date last seen Price effective from Koha item type
          School of Mechanical & Manufacturing Engineering (SMME) School of Mechanical & Manufacturing Engineering (SMME) General Stacks 05/19/2023   621.042 PRI SMME-4381 05/19/2023 05/19/2023 Book
© 2023 Central Library, National University of Sciences and Technology. All Rights Reserved.